Evaluación del contenido de nitrógeno y de aminoacidos totales en algunas especies de algas marinas pertenecientes a la región del Magdalena, Colombia (Registro nro. 14248)
[ vista simple ]
| 000 -CABECERA | |
|---|---|
| Campo de control | 004660000a22001090004500 |
| 090 ## - CLASIFICACIÓN LOCAL | |
| Colección | AS |
| Consecutivo | Seriadas |
| 041 0# - IDIOMA | |
| Código de idioma para texto/pista de sonido o título separado | |
| 100 1# - ASIENTO PRINCIPAL--NOMBRE PERSONAL | |
| Nombre personal | Panizo Durán, Lorenzo |
| 245 10 - MENCION DE TITULO | |
| Título | Evaluación del contenido de nitrógeno y de aminoacidos totales en algunas especies de algas marinas pertenecientes a la región del Magdalena, Colombia |
| 773 1# - Item fuente: | |
| Título | Revista de la Academia Colombiana de Ciencias Exactas, Fisicas y Naturales |
| Especificación de materiales | 32 |
| Descripción física | 55 |
| Paginas del Articulo | 31-36 |
| Lugar, editorial y fecha de publicación | 1976 |
| Información sobre la relación | 14 |
| 942 ## - ELEMENTOS ADICIONALES (KOHA) | |
| Tipo de ítem | Artículo |
No hay ítems disponibles.